[Event "Baku"]
[Site "Baku"]
[Date "1980.??.??"]
[Round "5"]
[White "Vogt, Lothar"]
[Black "Martinovic, Slobodan"]
[Result "1/2-1/2"]
[WhiteElo "2510"]
[BlackElo "2475"]

1.Nf3 d5 2.g3 c6 3.Bg2 Bg4 4.c4 e6 5.b3 Nf6 6.O-O Be7 7.Bb2 O-O 8.d3 Nbd7
9.Nbd2 a5 10.a3 Bd6 11.Qc2 e5 12.e4 dxe4 13.Nxe4 Nxe4 14.dxe4 Bxf3 15.Bxf3 Qe7
16.Rfd1  1/2-1/2

[Event "COL-ch"]
[Site "Bogota"]
[Date "1980.??.??"]
[Round "?"]
[White "Minaya, Juan M"]
[Black "Campora, Daniel H"]
[Result "0-1"]
[WhiteElo "2320"]
[BlackElo "2415"]

1.Nf3 d5 2.g3 Bg4 3.Bg2 Nd7 4.c4 c6 5.cxd5 cxd5 6.Nc3 e6 7.Qb3 Qb6 8.Qxb6 Nxb6
9.Nb5 Kd8 10.d3 a6 11.Nbd4 Bxf3 12.Nxf3 Bb4+ 13.Bd2 Bxd2+ 14.Kxd2 Ne7 15.Nd4 Kd7
16.Rac1 Rhc8 17.Rxc8 Rxc8 18.Rc1 Rb8 19.Nb3 Kd6 20.Nc5 Nc6 21.e3 g5 22.f4 gxf4
23.gxf4 Rg8 24.Bf3 Kc7 25.Ke2 Nc8 26.Kf2 Nd6 27.a3 a5 28.Bh5 b6 29.Nb3 Kd7
30.Nd2 f6 31.Nf3 Rg7 32.h3 Rg8 33.Nh2 d4 34.e4 a4 35.Bf3 Na5 36.Ng4 Rf8 37.Ke2 Nb3
38.Rc2 h5 39.Nf2 Nc5 40.Bxh5 Rh8 41.Bf3 Rh4 42.Rc1 Rxf4 43.Rg1 Rh4 44.Rg7+ Kd8
45.Bg2 e5 46.Ra7 Nc8 47.Rf7 Nd7 48.Bf3 Ke8 49.Rg7 Ne7 50.Rg1 Kf7 51.Rc1 Nc5
52.Rc4 Ng6 53.Bg4 Nf4+ 54.Kd2 Rh8 55.Rb4 Rb8 56.Rc4 Ke7 57.Be2 Ng2 58.Ng4 Rh8
59.Rb4 Rxh3 60.Rxb6 Nb3+ 61.Kc2 Rh1 62.Rb7+ Kd6 63.Rxb3 axb3+ 64.Kxb3 Re1
65.Bf3 Nh4 66.Nh2 Nxf3 67.Nxf3 Re3 68.Nh4 Rxd3+ 69.Kc4 Rd2 70.Nf5+ Kc6  0-1

[Event "Politiken Cup"]
[Site "Copenhagen"]
[Date "1980.??.??"]
[Round "5"]
[White "Angantysson, Haukur"]
[Black "Bednarski, Jacek B"]
[Result "1/2-1/2"]
[WhiteElo "2425"]
[BlackElo "2385"]

1.Nf3 d5 2.g3 g6 3.Bg2 Bg7 4.d4 Nf6 5.O-O O-O 6.b3 c5 7.e3 Bg4 8.h3 Bxf3
9.Bxf3 Nc6 10.Bb2 cxd4 11.exd4 Qb6 12.Re1 Rfe8 13.Na3 Rad8 14.c3 e5 15.Nc2 a5
16.Rb1 h5 17.Kg2 exd4 18.Rxe8+ Nxe8 19.cxd4 Nc7 20.Qd2 Ne6 21.Rd1 a4 22.Qc3 Qb5
23.bxa4 Qxa4 24.Qb3 Qa6 25.h4 Na5 26.Qc3 Nc6 27.Qb3 Na5 28.Qc3  1/2-1/2

[Event "Politiken Cup"]
[Site "Copenhagen"]
[Date "1980.??.??"]
[Round "6"]
[White "Roth, Rolf"]
[Black "Angantysson, Haukur"]
[Result "0-1"]
[WhiteElo "2370"]
[BlackElo "2425"]

1.Nf3 d5 2.g3 c6 3.Bg2 Bg4 4.b3 Nd7 5.Bb2 Ngf6 6.d3 e6 7.Nbd2 Be7 8.O-O O-O
9.c4 b5 10.Qc2 Qb6 11.a3 h6 12.b4 a5 13.c5 Qc7 14.e4 e5 15.Rfe1 d4 16.h3 Be6
17.Nf1 Nh7 18.g4 Ng5 19.Ng3 g6 20.Nd2 h5 21.f3 hxg4 22.fxg4 Kg7 23.Nf5+ gxf5
24.gxf5 axb4 25.fxe6 bxa3 26.Bxa3 fxe6 27.h4 Nh7 28.Bh3 Bxh4 29.Re2 Rf6 30.Rg2+ Kh8
31.Qd1 Bg5 32.Nf1 Ndf8 33.Bb4 Rxa1 34.Qxa1 Qf7 35.Bd2 Bxd2 36.Nxd2 Rh6 37.Rf2 Qe7
38.Bg2 Qxc5 39.Qa8 Rf6 40.Nb3 Qb4 41.Rxf6 Nxf6 42.Kh2 Kg7 43.Na5 Qe1 44.Qd8 Qh4+
45.Kg1 Qf4 46.Qc7+ Kg6 47.Nxc6 Ng4 48.Ne7+ Kh5 49.Nf5 Qf2+  0-1

[Event "GER-N chT 7980"]
[Site "Germany"]
[Date "1980.??.??"]
[Round "?"]
[White "Franke, Reiner"]
[Black "Teschner, Rudolf"]
[Result "1-0"]
[WhiteElo "2240"]
[BlackElo "2215"]

1.Nf3 d5 2.g3 Nf6 3.Bg2 Nc6 4.c4 d4 5.O-O e5 6.d3 Be7 7.b4 Nxb4 8.Nxe5 O-O
9.Bb2 Re8 10.a3 Na6 11.Re1 Bf8 12.Nf3 c5 13.e3 dxe3 14.fxe3 Nc7 15.Nc3 Bf5
16.d4 Ne4 17.Ne5 Nxc3 18.Bxc3 f6 19.Nd3 Be4 20.Bxe4 Rxe4 21.Qf3 Re6 22.Nf4 Rc6
23.d5 Ra6 24.e4 Bd6 25.e5 fxe5 26.Bxe5 Bxe5 27.Rxe5 Qd6 28.Rae1 Rf8 29.Re7 g6
30.Qg4 Rf5 31.Qh3 h5 32.Nxh5 Kf8 33.Nf4  1-0

[Event "GER-SW chT 7980"]
[Site "Germany"]
[Date "1980.??.??"]
[Round "?"]
[White "Bassler, Markus"]
[Black "Busch, Raimund"]
[Result "1-0"]
[WhiteElo "2230"]
[BlackElo "2245"]

1.Nf3 d5 2.g3 Nf6 3.Bg2 Bf5 4.b3 e6 5.Bb2 Be7 6.d3 h6 7.Nbd2 O-O 8.O-O a5
9.a4 Na6 10.Ne5 c6 11.e4 Bh7 12.Kh1 Qc8 13.f4 Rd8 14.g4 Nd7 15.g5 Nxe5 16.Bxe5 hxg5
17.fxg5 Bxg5 18.Rxf7 Kxf7 19.Qh5+ Kg8 20.Qxg5 Rd7 21.Bh3 Nc7 22.Rg1 Qf8 23.exd5 cxd5
24.Qg3 Rc8 25.Nf3 Bf5 26.Nh4 Bxh3 27.Qxh3 Qf2 28.Ng6 Rf8 29.Qh8+  1-0

[Event "Favorite"]
[Site "Hamburg"]
[Date "1980.??.??"]
[Round "1"]
[White "Clemens, Christian"]
[Black "Kurajica, Bojan"]
[Result "1/2-1/2"]
[WhiteElo "2360"]
[BlackElo "2525"]

1.g3 d5 2.Nf3 c6 3.Bg2 Bg4 4.c4 e6 5.cxd5 exd5 6.O-O Nd7 7.d3 Bxf3 8.Bxf3 Ngf6
9.Nc3 Bd6 10.e4 dxe4 11.dxe4 Qc7 12.Bg5 h6 13.Bxf6 Nxf6 14.Re1 Qe7 15.Bg2 g5
16.b4 Rd8 17.Qa4 O-O 18.b5 cxb5 19.Qxb5 Be5 20.Nd5 Nxd5 21.exd5 a6  1/2-1/2

[Event "Favorite"]
[Site "Hamburg"]
[Date "1980.??.??"]
[Round "2"]
[White "Fries Nielsen, Jens Ove"]
[Black "Pachman, Ludek"]
[Result "1/2-1/2"]
[WhiteElo "2355"]
[BlackElo "2510"]

1.Nf3 d5 2.g3 Bg4 3.Bg2 c6 4.O-O Nd7 5.d3 Ngf6 6.Nbd2 e5 7.e4 dxe4 8.dxe4 Bc5
9.Qe2 O-O 10.Nc4 Qc7 11.Ne3 Bh5 12.Nf5 Rfe8 13.h3 Nf8 14.Bg5 N6d7 15.Rad1 Ne6
16.Be3 Rad8 17.Bxc5 Ndxc5 18.Qe3 Bxf3 19.Bxf3 a5 20.h4 h6 21.Kg2  1/2-1/2

[Event "Favorite"]
[Site "Hamburg"]
[Date "1980.??.??"]
[Round "9"]
[White "Fries Nielsen, Jens Ove"]
[Black "Dankert, Peter"]
[Result "1/2-1/2"]
[WhiteElo "2355"]
[BlackElo "2345"]

1.Nf3 d5 2.g3 Nf6 3.Bg2 Bf5 4.b3 e6 5.Bb2 h6 6.O-O Be7 7.d3 O-O 8.Nbd2 Bh7
9.e3 c6 10.Qe2 a5 11.a3 Qb6 12.Ne5 a4 13.b4 c5 14.Rfb1 cxb4 15.axb4 Qc7 16.c4 Nbd7
17.Nxd7 Qxd7 18.c5 Qb5 19.Bf1 b6 20.Bd4 Nd7 21.e4 Bf6 22.Bxf6 Nxf6 23.Qe3 bxc5
24.bxc5 Qa5 25.Rc1 Rfc8 26.Be2 d4 27.Qf4 e5 28.Nc4 exf4 29.Nxa5 Rxa5 30.gxf4 Nxe4
31.dxe4 Bxe4 32.f3 Bc6 33.Ra3 Rb8 34.Bd3 Rb3 35.Rxb3 axb3 36.Rb1 Bd5 37.c6 Rc5
38.Be4 Bxe4 39.fxe4 Rxc6 40.Rxb3 Rc3 41.Rb8+ Kh7 42.Rd8 Rf3 43.f5 d3 44.Rd7 f6
45.Kg2 Re3 46.Rd4 d2 47.Rxd2 Rxe4 48.Kf3 Ra4 49.Rd3 h5 50.Kg3 Rg4+ 51.Kf3 Rg5
52.Kf4 Kh6 53.h3 Rg1 54.Rd5 Ra1 55.Kg3 Ra3+ 56.Kh2 Re3 57.Rd8 Kh7 58.Rd4 Rf3
59.Rd5 Kh6 60.h4 Kh7 61.Ra5 Rf4 62.Kg3 Rg4+ 63.Kh3 Re4 64.Kg3 Re3+ 65.Kg2 Re7
66.Kf3 Rb7 67.Kg3 Rb3+ 68.Kg2 Rb4 69.Kg3 Rg4+ 70.Kh3 Re4 71.Kg3 Re8 72.Kf3 Rb8
73.Kg3 Kg8 74.Kf3 Kf8 75.Kg3 Rb3+ 76.Kf2 Rb4 77.Kg3 Re4 78.Ra8+ Re8 79.Ra3 Rd8
80.Ra4 Ke7 81.Kf3 Rd3+ 82.Kg2 Re3 83.Ra7+ Kf8 84.Ra8+ Re8 85.Ra4 Re5 86.Rf4 Ke7
87.Rf3 Re4 88.Kh3 Kd6 89.Rg3 Re7 90.Rd3+ Kc7 91.Rd1 Rd7 92.Re1  1/2-1/2

[Event "Favorite"]
[Site "Hamburg"]
[Date "1980.??.??"]
[Round "10"]
[White "Karlsson, Lars"]
[Black "Kordsachia, Tariel"]
[Result "1-0"]
[WhiteElo "2405"]
[BlackElo "2375"]

1.Nf3 d5 2.g3 g6 3.Bg2 Bg7 4.O-O Nf6 5.c4 O-O 6.cxd5 Nxd5 7.Nc3 e5 8.Nxd5 Qxd5
9.d3 Nc6 10.Nd2 Qb5 11.a4 Qb6 12.Nc4 Qa6 13.Bd2 Be6 14.Rc1 Nd4 15.b4 Bg4
16.Re1 c6 17.h3 Be6 18.e3 Nf5 19.Qc2 Rad8 20.Bf1 b6 21.Nxe5 Bxe5 22.d4 b5
23.dxe5 Qxa4 24.Bc3 Qa6 25.Ra1 Qb6 26.Ra5 Qc7 27.Rea1 Qe7 28.Rxa7 Qg5 29.Be1 Nh4
30.Qe4 Nf5 31.Qg2 Rfe8 32.Kh2  1-0

[Event "Favorite"]
[Site "Hamburg"]
[Date "1980.??.??"]
[Round "12"]
[White "Clemens, Christian"]
[Black "Lappoehn, Hardy"]
[Result "1-0"]
[WhiteElo "2360"]
[BlackElo "2200"]

1.g3 d5 2.Nf3 Nf6 3.Bg2 g6 4.d4 Bg7 5.O-O O-O 6.c4 c6 7.Qa4 Nbd7 8.cxd5 Nb6
9.Qa3 cxd5 10.Nc3 Nc4 11.Qb4 Qd6 12.Qxd6 Nxd6 13.Ne5 Be6 14.b3 Rac8 15.Bb2 Rfd8
16.Rac1 Nf5 17.e3 Ne8 18.Nd3 Bh6 19.Rfe1 b6 20.h3 Rc7 21.Kh2 Nf6 22.g4 Nh4
23.Bh1 g5 24.f4 Rdc8 25.f5 Bd7 26.Nxd5 Nxd5 27.Bxd5 Rxc1 28.Rxc1 Rxc1 29.Bxc1 e6
30.Ne5 exd5 31.Nxd7 Bg7 32.Kg3 f6 33.a4 Kf7 34.Ba3 h5 35.Nb8 hxg4 36.hxg4 Bf8
37.Bxf8 Kxf8 38.Nc6  1-0

[Event "Candidats (Women) qf3"]
[Site "Kislovodsk"]
[Date "1980.??.??"]
[Round "8"]
[White "Akhmilovskaya, Elena"]
[Black "Alexandria, Nana"]
[Result "1/2-1/2"]
[WhiteElo "2315"]
[BlackElo "2335"]

1.Nf3 d5 2.g3 c6 3.Bg2 Bg4 4.O-O Nd7 5.d4 Bxf3 6.Bxf3 Ngf6 7.Bf4 Qb6 8.b3 e6
9.e3 Be7 10.c4 h6 11.g4 a5 12.Nc3 O-O 13.h4 Nh7 14.Bg3 Qd8 15.h5 Bh4 16.Bh2 Qe7
17.Be2 f5 18.gxf5 Rxf5 19.Bg4 Rf7 20.Be5 Nxe5 21.dxe5 Nf8 22.cxd5 cxd5 23.Nb5 Qb4
24.Nd4 Qb6 25.f4 Be7 26.Qf3 Rd8 27.Qh3 Bc5 28.Rad1 Re8 29.Kh1 Kh8 30.Rf2 Rc7
31.f5 exf5 32.Rxf5 Rce7 33.Nf3 Bxe3 34.Rxf8+ Rxf8 35.Nh4 Bg5 36.Ng6+ Kg8
37.Nxf8 Kxf8 38.e6 Qe3 39.Qxe3 Bxe3 40.Rxd5 b6 41.Kg2 Rc7 42.Rf5+ Ke8 43.Be2 Ke7
44.Bc4 Bc5 45.Kf3 b5 46.Bd5 Bd4 47.Ke4 Bf6 48.Rf1 Rc2 49.a4 bxa4 50.bxa4 Rh2
51.Rd1 Rh4+ 52.Kf3 Rxa4 53.Bb3 Rh4 54.Rd7+ Ke8 55.Bc2 Be7 56.Bg6+ Kf8 57.Ra7 Rd4
58.Rxa5 Bf6 59.Ra7 Be7 60.Rb7 Rd6 61.Kg4 Rd4+ 62.Kf5 Rd8 63.Ke4 Rd1 64.Ke5 Bd6+
65.Ke4 Be7 66.Bf7 Rd8 67.Bg6 Rd1  1/2-1/2

[Event "Malta ol (Women)"]
[Site "La Valetta"]
[Date "1980.??.??"]
[Round "?"]
[White "Ivanka Budinsky, Maria"]
[Black "Baumstark, Gertrude"]
[Result "1-0"]
[WhiteElo "2260"]
[BlackElo "2145"]

1.Nf3 d5 2.g3 Nf6 3.Bg2 c6 4.O-O Bg4 5.c4 e6 6.b3 Nbd7 7.Bb2 Be7 8.d3 O-O
9.Nbd2 a5 10.Qc2 Rc8 11.h3 Bh5 12.a3 b5 13.Rfe1 Nc5 14.Ne5 Nfd7 15.d4 Nxe5
16.dxc5 Bg6 17.Qc1 Nd7 18.cxd5 exd5 19.b4 Nf6 20.Qc3 Re8 21.e4 dxe4 22.Nxe4 Bxe4
23.Rxe4 axb4 24.axb4 Bf8 25.Rd4 Qe7 26.Rad1 Qe2 27.Bf3 Qe6 28.Kg2 Qf5 29.R1d3 Re6
30.Rd8 Re8 31.Rxe8 Nxe8 32.Bg4 Qe4+ 33.Kh2 Ra8 34.Bf3 Qg6 35.Rd4 Be7 36.Rg4 Bf6
37.Qb3 Qh6 38.Bxc6 Rd8 39.Bxe8 Rxe8 40.Bxf6 Qxf6 41.Rf4 Qg6 42.Qd5  1-0

[Event "Malta ol (Men)"]
[Site "La Valetta"]
[Date "1980.??.??"]
[Round "?"]
[White "Quinteros, Miguel A"]
[Black "Torre, Eugenio"]
[Result "1-0"]
[WhiteElo "2515"]
[BlackElo "2520"]

1.Nf3 d5 2.g3 Nc6 3.d4 Bg4 4.Bg2 Qd7 5.O-O O-O-O 6.c3 Bh3 7.b4 Bxg2 8.Kxg2 f6
9.b5 Na5 10.a4 Qf5 11.Ba3 Nc4 12.Bb4 h5 13.Qd3 Nd6 14.Nh4 Qxd3 15.exd3 g5
16.Ng6 Rh7 17.Nxf8 Rxf8 18.h3 Nh6 19.Nd2 Nhf5 20.Rae1 Kd7 21.Ba3 Ra8 22.Rb1 b6
23.Bb2 a6 24.c4 axb5 25.c5 Nb7 26.Rfc1 Nd8 27.axb5 Ra2 28.Nb3 Rh8 29.Re1 Nf7
30.Nc1 Ra5 31.Bc3 Ra4 32.Ne2 Rha8 33.Bb4 bxc5 34.Bxc5 e6 35.Nc3 R4a5 36.b6 cxb6
37.Rxb6 N5d6 38.Reb1 R5a6 39.Rb7+ Kc6 40.Re7 Re8 41.Rxe8 Nxe8 42.Rb8 Ned6
43.Rf8 h4 44.gxh4 gxh4 45.Ne2 Ra4 46.Nf4 Kd7 47.Nh5 Ra2 48.Nxf6+ Ke7 49.Nh7 Kd7
50.Nf6+ Ke7 51.Nh7 Kd7 52.Rg8 Nf5 53.Nf8+ Kc6 54.Nxe6 Ne3+ 55.Kf3 Nd1 56.Rg2 Nd6
57.Bxd6 Kxd6 58.Nf4 Ra4 59.Rg6+ Kd7 60.Rg1 Nc3 61.Ne2 Nb5 62.Rg5 Kc6 63.Ke3 Ra2
64.Rh5 Na3 65.Nc3 Rb2 66.Rh6+ Kb7 67.Nxd5 Nc2+ 68.Ke4 Ne1 69.Rh7+ Kb8 70.Rh8+ Kb7
71.Rh7+ Kb8 72.Nf4 Rxf2 73.Rxh4 Rf1 74.d5 Nc2 75.d6 Kb7 76.Rh7+  1-0

[Event "Malta ol (Men)"]
[Site "La Valetta"]
[Date "1980.??.??"]
[Round "?"]
[White "Faseyitan, F."]
[Black "Bukhari, M."]
[Result "1-0"]
[WhiteElo "2200"]
[BlackElo "2200"]

1.Nf3 d5 2.g3 e6 3.Bg2 Bd6 4.c4 c6 5.b3 Nf6 6.Bb2 Na6 7.O-O O-O 8.d3 Qe7
9.a3 Nc7 10.Nbd2 e5 11.e4 dxe4 12.dxe4 Bg4 13.h3 Bh5 14.b4 Na6 15.Qc2 Rac8
16.Nh4 Bg6 17.Nf5 Bxf5 18.exf5 h6 19.Ne4 Nxe4 20.Bxe4 f6 21.Qe2 Nb8 22.Kh1 Nd7
23.Rg1 Rfe8 24.Rg2 Nf8 25.h4 Nh7 26.Rag1 Kh8 27.g4 Rg8 28.Bc1 Qc7 29.g5 fxg5
30.hxg5 Be7 31.Qh5 Qd6 32.f6 gxf6 33.Bxh7 fxg5 34.Bxg8 Kxg8 35.Bxg5 Bxg5  1-0

[Event "Las Palmas"]
[Site "Las Palmas"]
[Date "1980.??.??"]
[Round "?"]
[White "Miles, Anthony J"]
[Black "Fernandez Garcia, Jose L"]
[Result "1-0"]
[WhiteElo "2545"]
[BlackElo "2390"]

1.g3 d5 2.Nf3 c5 3.Bg2 Nc6 4.d4 e6 5.O-O Nf6 6.c4 Be7 7.cxd5 exd5 8.Nc3 O-O
9.Be3 Bg4 10.h3 Bxf3 11.Bxf3 Qd7 12.dxc5 Rad8 13.Bd4 Qxh3 14.Bg2 Qh5 15.Bxf6 Bxf6
16.e3 Qg5 17.Nxd5 Bxb2 18.Rb1 Nb4 19.e4 Ba3 20.Qd4 Nxd5 21.exd5 Qe7 22.Rb5 Rc8
23.d6 Qf6 24.Qe3 a6 25.Bxb7 axb5 26.Bxc8 Bb2 27.d7 Bd4 28.Qa3 Qc6 29.Qa5 Qf3
30.d8=Q Qxg3+ 31.Kh1 Qf3+ 32.Kh2 Qf4+ 33.Kg2 Qe4+ 34.f3 Qg6+ 35.Bg4  1-0

[Event "NLD-ch"]
[Site "Leeuwarden"]
[Date "1980.??.??"]
[Round "5"]
[White "Vogel, Jaap"]
[Black "Ree, Hans"]
[Result "1/2-1/2"]
[WhiteElo "2315"]
[BlackElo "2520"]

1.Nf3 d5 2.g3 c5 3.Bg2 Nc6 4.d4 e6 5.O-O cxd4 6.Nxd4 Bc5 7.Nb3 Bb6 8.c4 Nge7
9.Nc3 dxc4 10.Qxd8+ Bxd8 11.Nd2 Na5 12.Nb5 Nf5 13.e4 Bd7 14.Na3 Nd4 15.Ndxc4 Nxc4
16.Nxc4 Bc7 17.Rd1 e5 18.h3 O-O-O 19.Ne3 Bb5 20.Nd5 Be2 21.Bg5 Bxd1 22.Bxd8 Rxd8  1/2-1/2

[Event "NLD-ch"]
[Site "Leeuwarden"]
[Date "1980.??.??"]
[Round "8"]
[White "Vogel, Jaap"]
[Black "Langeweg, Kick"]
[Result "1-0"]
[WhiteElo "2315"]
[BlackElo "2425"]

1.Nf3 d5 2.g3 c6 3.Bg2 Nf6 4.d3 Bf5 5.Nbd2 e6 6.O-O h6 7.Re1 Be7 8.b3 a5
9.Bb2 a4 10.e4 Bh7 11.bxa4 O-O 12.Rb1 Nbd7 13.Bd4 Qc7 14.c4 dxe4 15.Nxe4 Nxe4
16.dxe4 Nc5 17.Qc2 Rfd8 18.Rbd1 Bxe4 19.Qc3 Nxa4 20.Qa1 Bxf3 21.Bxf3 Bf8
22.Re4 Nc5 23.Rg4 f5 24.Be5 Rxd1+ 25.Bxd1 Qa5 26.Rxg7+ Bxg7 27.Bxg7 Qe1+
28.Kg2 Rd8 29.Qf6 Qxd1 30.Bxh6 Qd4 31.Qg6+ Kh8 32.Bg5 Rf8 33.Be7 Qg7 34.Qh5+ Kg8
35.Bxc5 Rd8 36.Be3 Qg4 37.Qh6 Kf7 38.Bg5 Qe4+ 39.f3 Qe2+ 40.Kh3 Qf1+ 41.Kh4 Qxc4+
42.Kh5  1-0

[Event "DSV-Turnier"]
[Site "Leipzig"]
[Date "1980.??.??"]
[Round "10"]
[White "Kirov, Nino"]
[Black "Luczak, Andrzej"]
[Result "1/2-1/2"]
[WhiteElo "2455"]
[BlackElo "2430"]

1.g3 d5 2.Nf3 Nf6 3.Bg2 e6 4.O-O Be7 5.d4 O-O 6.c4 dxc4 7.Qa4 a6 8.Qxc4 b5
9.Qc2 Bb7 10.Bf4 Nd5 11.Nc3 Nxf4 12.gxf4 Nd7 13.Ne4 Rc8 14.Ne5 c5 15.Nxd7 Qxd7
16.dxc5 Bxe4 17.Bxe4 Rxc5 18.Bxh7+ Kh8 19.Qd3 Qc7 20.Qh3 Qxf4 21.Bd3+  1/2-1/2

[Event "DSV-Turnier"]
[Site "Leipzig"]
[Date "1980.??.??"]
[Round "13"]
[White "Espig, Lutz"]
[Black "Kirov, Nino"]
[Result "1-0"]
[WhiteElo "2440"]
[BlackElo "2455"]

1.Nf3 d5 2.g3 c6 3.Bg2 Bg4 4.O-O Nd7 5.d3 e6 6.Nbd2 Ngf6 7.b3 a5 8.a3 Bd6
9.Bb2 O-O 10.Qe1 e5 11.e4 dxe4 12.dxe4 Bxf3 13.Bxf3 b5 14.Qe2 Nc5 15.Rfd1 Qb8
16.Bg2 Ra7 17.a4 Rd8 18.axb5 cxb5 19.Nf3 Re8 20.Nh4 Bf8 21.Nf5 a4 22.b4 a3
23.Bxa3 Na4 24.Rd3 Rc8 25.Qd2 Nb6 26.Ne3 Nc4 27.Qc1 Rac7 28.c3 g6 29.Nxc4 Rxc4
30.Qe3 h5 31.Bb2 R8c7 32.Rad1 Qa7 33.Qxa7 Rxa7 34.f3 Bh6 35.Bf1 Kg7 36.Rd6 Rcc7
37.Bxb5 Be3+ 38.Kf1 Ra2 39.Rb1 h4 40.Ra6 Rxa6 41.Bxa6  1-0

[Event "Makarczyk mem"]
[Site "Lodz"]
[Date "1980.??.??"]
[Round "2"]
[White "Kirov, Nino"]
[Black "Dobosz, Henryk"]
[Result "1/2-1/2"]
[WhiteElo "2455"]
[BlackElo "2385"]

1.Nf3 d5 2.g3 Bg4 3.Ne5 Bh5 4.c4 Nd7 5.Nxd7 Qxd7 6.Bg2 e6 7.O-O c6 8.cxd5 exd5
9.d3 Bg4 10.Nc3 Nf6 11.Qc2 d4 12.Na4 Bh3 13.Nc5 Bxc5 14.Qxc5 Bxg2 15.Kxg2 Qd5+
16.Qxd5 Nxd5 17.Bd2 O-O-O 18.Rfc1 Rhe8 19.Kf1 Re6 20.Rc4 Nb6 21.Rc2 Rd5 22.a4 Rh5
23.h4 Rhe5 24.Bf4 Rf5 25.Bd2 Rfe5 26.Bb4 Nd7 27.Re1 b6 28.Bd2 Nc5 29.Bf4 Rd5
30.Ra1 a5 31.Rc4 Na6 32.Rd1 Kb7 33.e4 dxe3 34.fxe3 Nb4 35.Ke2 c5 36.d4 cxd4
37.Rcxd4 Kc6 38.Kf3 Rxd4 39.Rxd4 Nd5 40.Rc4+ Kb7 41.e4 Nxf4 42.gxf4 Rh6 43.Kg4 Rd6
44.e5 Rd2 45.b4 axb4 46.Rxb4 Kc6 47.Re4 Kd5 48.Re1 Rd4 49.Ra1 Ke6 50.Rb1 Rxa4
51.Rxb6+ Ke7 52.Rb7+ Ke6 53.Rb8 h5+ 54.Kg5 f6+ 55.exf6 gxf6+  1/2-1/2

[Event "Makarczyk mem"]
[Site "Lodz"]
[Date "1980.??.??"]
[Round "7"]
[White "Kirov, Nino"]
[Black "Lukacs, Peter"]
[Result "1/2-1/2"]
[WhiteElo "2455"]
[BlackElo "2405"]

1.Nf3 d5 2.g3 c6 3.Bg2 Bg4 4.d3 Nf6 5.Nbd2 e6 6.O-O Be7 7.b3 Nbd7 8.Bb2 O-O
9.h3 Bh5 10.Qe1 a5 11.a4 Bb4 12.Nh4 e5 13.Ba3  1/2-1/2

[Event "Makarczyk mem"]
[Site "Lodz"]
[Date "1980.??.??"]
[Round "9"]
[White "Kirov, Nino"]
[Black "Luczak, Andrzej"]
[Result "0-1"]
[WhiteElo "2455"]
[BlackElo "2430"]

1.Nf3 d5 2.g3 Nf6 3.Bg2 e6 4.O-O Be7 5.b3 O-O 6.Bb2 c5 7.c4 d4 8.e3 Nc6 9.exd4 cxd4
10.Re1 Bc5 11.d3 Re8 12.Ba3 Nd7 13.Bxc5 Nxc5 14.Ne5 Nxe5 15.Rxe5 Qd6 16.f4 a5
17.Nd2 Bd7 18.Ne4 Nxe4 19.Bxe4 Bc6 20.Qd2 Bxe4 21.Rxe4 b6 22.Qb2 Red8 23.a3 h6
24.Re5 Rac8 25.Rae1 Rc5 26.R5e4 Rf5 27.b4 axb4 28.axb4 g5 29.Re5 gxf4 30.Rxf5 exf5
31.Rf1 fxg3 32.Qg2 Kh8 33.hxg3 Rg8 34.Kh2 Rg5 35.Qh3 Kg7 36.Rxf5 Qxb4 37.Rxg5+ hxg5
38.Qf5 Qd2+ 39.Kh3 Qe3 40.Kg4 f6 41.Qd7+ Kh6 42.Qf5 Qe2+ 43.Kh3 Qh5+ 44.Kg2 Qe2+
45.Kh3 Qe5 46.Qc8 Kg7 47.Qb7+ Kg6 48.Qa8 Qe6+ 49.Kg2 Qe2+ 50.Kg1 Kh5 51.c5 bxc5
52.Qh8+ Kg4 53.Qxf6 Qe1+  0-1

[Event "Makarczyk mem"]
[Site "Lodz"]
[Date "1980.??.??"]
[Round "15"]
[White "Kirov, Nino"]
[Black "Bellin, Robert"]
[Result "1/2-1/2"]
[WhiteElo "2455"]
[BlackElo "2440"]

1.Nf3 d5 2.g3 c6 3.Bg2 Nf6 4.O-O Bf5 5.b3 h6 6.Bb2 e6 7.d3 Be7 8.Nbd2 O-O
9.c4 a5 10.a3 Nbd7 11.Bc3  1/2-1/2

[Event "Lloyds Bank"]
[Site "London"]
[Date "1980.??.??"]
[Round "?"]
[White "Miles, Anthony J"]
[Black "Schmid, Lothar"]
[Result "1-0"]
[WhiteElo "2545"]
[BlackElo "2530"]

1.g3 d5 2.Nf3 g6 3.c4 Nf6 4.Bg2 Bg7 5.d4 O-O 6.O-O dxc4 7.Na3 Nc6 8.Nxc4 Be6
9.b3 Bd5 10.Bb2 a5 11.Rc1 Qc8 12.Ne3 Be4 13.Ne5 Bxg2 14.Kxg2 Nb4 15.a3 Nbd5
16.Nxd5 Nxd5 17.e4 Nf6 18.Qe2 e6 19.Rfd1 Qd8 20.a4 c6 21.Ba3 Re8 22.Qf3 Qc7
23.Nc4 Red8 24.Bc5 Ra6 25.h3 Ne8 26.Qe3 b6 27.Ba3 Qb7 28.Kh2 Raa8 29.Rd3 h5
30.Rcd1 Kh7 31.Qf3 f5 32.exf5 exf5 33.Re3 Rac8 34.Rde1 Qb8 35.Re7 Rc7 36.Rxc7 Nxc7
37.Qxc6 Nd5 38.Re6 f4 39.Ne5 fxg3+ 40.fxg3 h4 41.Rxg6 Qc7 42.Rh6+ Bxh6 43.Qg6+ Kh8
44.Qxh6+ Kg8 45.Qg5+  1-0

[Event "Los Polvorines op"]
[Site "Los Polvorines"]
[Date "1980.??.??"]
[Round "?"]
[White "Contin, Daniel"]
[Black "Taimanov, Mark E"]
[Result "0-1"]
[WhiteElo "2200"]
[BlackElo "2510"]

1.Nf3 d5 2.g3 c6 3.Bg2 Nf6 4.O-O Bg4 5.d3 Nbd7 6.Nbd2 e5 7.c4 Bd6 8.cxd5 cxd5
9.b3 O-O 10.h3 Bh5 11.Bb2 Rc8 12.Qb1 Re8 13.e4 Bb4 14.a3 Bxd2 15.Nxd2 dxe4
16.g4 Bg6 17.dxe4 Nc5 18.Rd1 Qd3 19.Qa2 Rcd8 20.Bf1 Qd6 21.Be2 Qe7 22.f3 Nd3
23.b4 Nf4 24.Bf1 Nd7 25.Nc4 Qh4 26.Qb3 Qg3+ 27.Kh1 Bxe4 28.Nd2 Nc5  0-1

[Event "WchT U26"]
[Site "Mexico"]
[Date "1980.??.??"]
[Round "?"]
[White "Braga, Cicero"]
[Black "Dolmatov, Sergey"]
[Result "0-1"]
[WhiteElo "2350"]
[BlackElo "2535"]

1.g3 d5 2.Nf3 c6 3.Bg2 Bg4 4.O-O Nd7 5.d3 Ngf6 6.Nbd2 e5 7.e4 Bd6 8.h3 Bh5
9.Qe2 O-O 10.g4 Bg6 11.Nh4 Re8 12.Nf5 Nc5 13.Re1 Ne6 14.Nf3 Bc7 15.Bd2 h5
16.N3h4 hxg4 17.hxg4 Nf4 18.Bxf4 exf4 19.Qf3 Bxf5 20.Nxf5 g6 21.Nh4 Nh7 22.g5 Nxg5
23.Qg4 dxe4 24.dxe4 Qf6 25.Rad1 Rad8 26.Rd7 Rxd7 27.Qxd7 Qe5 28.Qg4 Rd8 29.c3 Rd2
30.Rd1 Rxd1+ 31.Qxd1 Nxe4 32.Qa4 Nxf2  0-1

[Event "DDR-ch 29th"]
[Site "Plauen"]
[Date "1980.??.??"]
[Round "2"]
[White "Hesse, Peter"]
[Black "Espig, Lutz"]
[Result "0-1"]
[WhiteElo "2440"]
[BlackElo "2440"]

1.Nf3 d5 2.g3 Nf6 3.Bg2 Bf5 4.d3 e6 5.O-O h6 6.b3 Be7 7.Bb2 O-O 8.Nbd2 a5
9.Qe1 Bh7 10.e4 a4 11.a3 axb3 12.cxb3 Nbd7 13.Qe3 c6 14.b4 c5 15.bxc5 Bxc5
16.d4 Be7 17.exd5 Nxd5 18.Qb3 Qb6 19.Ne5 Qxb3 20.Nxb3 N7f6 21.Rfc1 Rfc8 22.Nc5 b6
23.Ncd7 Be4 24.Nxf6+ Nxf6 25.Bf1 g5 26.f3 Bd5 27.Bb5 h5 28.a4 Kg7 29.Kf2 g4
30.fxg4 Nxg4+ 31.Nxg4 hxg4 32.Rxc8 Rxc8 33.Rc1 Rh8 34.Kg1 Bg5 35.Rc3 Bd2
36.Rd3 Ba5 37.Bc3 Rc8 38.Bxa5 bxa5 39.Rd2 Rc3 40.Kf2 f5 41.Rb2 Kf6 42.Be2 Ra3
43.Bb5 Bb3 44.Bc6 Ke7 45.Bg2 Kd6 46.h4 gxh3 47.Bxh3 Bc4 48.Bg2 Rxa4 49.Rb6+ Ke7
50.Rb7+ Kf6 51.Ke3 Ra3+ 52.Kf4 Rd3 53.Rd7 Bd5  0-1

[Event "DDR-ch 29th"]
[Site "Plauen"]
[Date "1980.??.??"]
[Round "4"]
[White "Vogt, Lothar"]
[Black "Zinn, Lothar"]
[Result "1-0"]
[WhiteElo "2510"]
[BlackElo "2325"]

1.Nf3 d5 2.g3 Nf6 3.Bg2 g6 4.c4 c6 5.b3 Bg7 6.Bb2 O-O 7.O-O Bf5 8.Na3 Nbd7
9.Nd4 Ne4 10.Qc1 Bxd4 11.Bxd4 e5 12.Bb2 Nef6 13.cxd5 cxd5 14.d3 Rc8 15.Qd2 Rc6
16.Nc2 Qb6 17.Ne3 Be6 18.h3 h5 19.f4 e4 20.Kh2 Rfc8 21.f5 gxf5 22.dxe4 dxe4
23.Nxf5 Bxf5 24.Rxf5 Kf8 25.Raf1 Re6 26.Qh6+ Ke7 27.Qf4 Rcc6 28.g4 hxg4 29.hxg4 Kd8
30.Bh3 Rc2 31.Bxf6+ Nxf6 32.Rxf6 Rxe2+ 33.Bg2 Rxa2 34.Qb8+ Kd7 35.Rxf7+ Kc6
36.Qc8+  1-0

[Event "DDR-ch 29th"]
[Site "Plauen"]
[Date "1980.??.??"]
[Round "14"]
[White "Espig, Lutz"]
[Black "Boehnisch, Manfred"]
[Result "1/2-1/2"]
[WhiteElo "2440"]
[BlackElo "2355"]

1.Nf3 d5 2.g3 Nf6 3.Bg2 Bf5 4.O-O c6 5.b3 Nbd7 6.Bb2 h6 7.d3 e6 8.Nbd2 Bc5
9.Qe1 O-O 10.e4 dxe4 11.dxe4 Bg6 12.Qe2 Qe7 13.Rad1 a5 14.a4 Rfb8 15.h3 Ra7
16.Ne5 Nxe5 17.Bxe5 Rd8 18.Nc4 b5 19.Nb2 Rxd1 20.Rxd1 Nd7 21.Bc3 b4 22.Be1 e5
23.c3 bxc3 24.Bxc3 Bb4 25.Rc1 Rb7 26.Qc4 c5 27.Qd5 Nf6 28.Qc6 Kh7 29.Bxb4 Rxb4
30.Nc4 Rxb3 31.Nxa5 Rb4 32.Nc4 Qd7 33.Qxc5 Qxa4 34.Nxe5 Nxe4 35.Qe7 Qa3 36.Rf1 Nd2
37.Re1 Rb3 38.Qd8 Qb4 39.Kh2 Nc4 40.Nxg6 Qxe1 41.Nf8+ Kg8  1/2-1/2

[Event "POL-ch"]
[Site "?"]
[Date "1980.??.??"]
[Round "2"]
[White "Filipowicz, Andrzej"]
[Black "Schinzel, Wladyslaw"]
[Result "0-1"]
[WhiteElo "2390"]
[BlackElo "2385"]

1.Nf3 d5 2.g3 g6 3.Bg2 Bg7 4.O-O e5 5.d3 Ne7 6.c4 O-O 7.cxd5 Nxd5 8.Bg5 f6
9.Bd2 Be6 10.e4 Ne7 11.Be3 Nbc6 12.d4 exd4 13.Nxd4 Nxd4 14.Bxd4 b6 15.Qa4 c5
16.Bc3 Qe8 17.Qc2 Nc6 18.Rd1 b5 19.Be1 Qe7 20.Nc3 Nd4 21.Qd3 Bc4 22.Qd2 Rad8
23.Nd5 Qf7 24.Qa5 f5 25.Ne3 Be2 26.Rd2 Bf3 27.exf5 Bxg2 28.Rxd4 Bxd4 29.Nxg2 Qxf5
30.Qd2 b4 31.Rc1 Qe6 32.Nf4 Qxa2 33.Qe2 Rde8 34.Qf3 Qxb2 35.Rd1 Rxe1+ 36.Rxe1 Qxf2+
37.Qxf2 Bxf2+ 38.Kxf2 g5 39.Re5 gxf4 40.Rxc5 fxg3+ 41.Kxg3 Rb8  0-1

[Event "POL-ch"]
[Site "?"]
[Date "1980.??.??"]
[Round "14"]
[White "Schinzel, Wladyslaw"]
[Black "Sydor, Andrzej"]
[Result "1/2-1/2"]
[WhiteElo "2385"]
[BlackElo "2405"]

1.Nf3 d5 2.g3 Bg4 3.Bg2 Nd7 4.h3 Bh5 5.d4 e6 6.O-O Bd6 7.Nc3 Ngf6 8.Nb5 Bb4
9.Bf4 Ba5 10.c4 a6 11.Na3 c6 12.c5 O-O 13.Nc2 Re8 14.Nce1 Ne4 15.Nd3 f6 16.b4 Bc7
17.Bxc7 Qxc7 18.Nf4 Bf7 19.e3 e5  1/2-1/2